=LDR 00000nam 2200000 4500 =001 INLIS000000000022145 =005 20130612120931 =008 ***********************************Ind** =035 ##$$0010-061300000022145 =041 ##$$a Ind =082 ##$$a 792.8 =090 ##$$a 792.8, Sud-s =100 ##$$a SUDARSONO, R.M =245 ##$$a Seni Pertunjukan, Dari Perspektif Politik, Sosial dan Ekonomi, Prof.Dr.R.M. Soedarsono =260 ##$$a 2003 $b Yogyakarta =300 ##$$a xxv, 439 hlm., ilus., 21 cm =650 ##$$a Pertunjukan- Seni =850 ##$$a NBPNMAT =990 ##$$a 53225322 =990 ##$$a 01201805322 =990 ##$$a 00046035